000 00365nam a22001697a 4500
003 SGT
020 _a978-81-312-4883-6
082 _a617.5
_bM17H
100 _aHOSSAIN,A.S.M.T
245 _aTEXT BOOK OF MEDICINE
250 _a2ND
260 _aNEW DELHI
_bAITBS PUB
_c2017
300 _a717
650 _aAYURVEDA
653 _a MEDICINE,
942 _2ddc
_cBK
_01
999 _c16924
_d16924